000 00563cas a2200169 4500
008 150204n eng u
020 _a0915567040
035 _a(Sirsi) a187877
050 _aTA 418.74 MUN 1984
040 _a
100 _aMunger, Charles G.
245 _aCorrosion prevention by protective coatings /
_cCharles G. Munger
260 _aHouston, Tex. :
_bNational Association of Corrosion Engineers,
_c1984.
300 _a512, 9 p., [8] p. :
_bill.
504 _aIncludes bibliographies and index
650 _aCorrosion and anti-corrosives
999 _c123542
_d123542